000 00448nam a2200181Ia 4500
001 3815
005 20260306145711.0
008 260306t1997||||xx |||||||||||||| ||spa||
041 _aESP
082 _a303.4834
_bP21
100 _aPalomino Ramírez, Teodosio A., 1938-
_eAUT
245 0 _aMutaciones del 3er. milenio
260 _c1997
300 _axlvi, 255 páginas :
_c21 cm.
650 _aGEN
654 _aCHU
942 _cLIB
_dJUS
_fJUS
_2ddc
_n
999 _c3815
_d3815